ESSENTIALS principles of phacoemusification

Պահպանված է:
Մատենագիտական մանրամասներ
Ձևաչափ: Գիրք
Լեզու:անգլերեն
Հրապարակվել է: Jaypee Medical Publishers 2013
Ցուցիչներ: Ավելացրեք ցուցիչ
Չկան պիտակներ, Եղեք առաջինը, ով նշում է այս գրառումը!

MARC

LEADER 00000nam a22000007a 4500
008 230731b |||||||| |||| 00| 0 eng d
020 |a 9789962678618 
245 |a ESSENTIALS principles of phacoemusification  |c edited by Pascal W. Hasler  |g vi,112p;ill 
250 |c Hasier, Pascal W. 
260 |b Jaypee Medical Publishers  |c 2013  |h New Delhi  |i 700021  |i 700022  |l RI451.Es7  |m Phacoemulsification  |m Phacoemulsification- methods 
500 |a it includes references and index 
942 |a lcc  |c BK  |e Johnson  |f 31/07/23 
952 |0 0  |1 0  |2 lcc  |4 0  |6 RE0451 E S7  |7 0  |9 4322  |a PL  |b HOL  |c QZ  |d 2023-07-31  |l 0  |o RE451.Es7  |p 2023-0248  |r 2023-07-31 00:00:00  |t 700021  |w 2023-07-31  |y BK 
952 |0 0  |1 0  |2 lcc  |4 0  |6 RE0451 E S7  |7 0  |9 4323  |a HOL  |b HOL  |c QZ  |d 2023-07-31  |l 0  |o RE451.Es7  |p 2023-0249  |r 2023-07-31 00:00:00  |t 700022  |w 2023-07-31  |y BK 
999 |c 2171  |d 2171